Genetik mühendisliği rüya mı kabus mu? : (Record no. 13309)

MARC details
000 -BAŞLIK
Sabit Uzunlukta Kontrol Alanı 01099nam a22002657a 4500
999 ## - SİSTEM KONTROL NUMARALARI (KOHA)
Koha Biblionumber 13309
Koha Biblioitemnumber 13309
003 - KONTROL NUMARASI IDENTIFIER
Denetim Alanı MIRAKIL
005 - SON İŞLEM TARİHİ VE ZAMANI
Denetim Alanı 20190614141842.0
008 - SABİT-BOY VERİ ELEMANLARI - GENEL BİLGİLER
Sabit Uzunlukta Kontrol Alanı 190614b tu ||||| |||| 00| 0 tur d
020 ## - ULUSLARARASI STANDART KİTAP NUMARASI
Uluslararası Standart Kitap Numarası 9754582254
040 ## - KATALOGLAMA KAYNAK
Orijinal Kataloglama Ajansı TR-AnCHP
Metne Dönüştürmek Ajansı TR-AnCHP
041 ## - DİL KODU
Metin / Ses Parça Veya Ayrı Başlığın Dil Kodu tur
082 ## - DEWEY ONLU SINIFLANDIRMA NUMARASI
Sınıflandırma Numarası 575.10724
Ürün Numarası H6g 2001
100 ## - ANA GİRİŞ - KİŞİSEL İSİM
Kişisel Ad Ho, Mae-Wan
245 ## - BAŞLIK TABLOSU
Başlık Genetik mühendisliği rüya mı kabus mu? :
Başlığın Kalan cesur yeni dünya: kötü bilimin büyük sermayeyle ittifakı /
Sorumluluk Tablosu, Vb Mae-Wan Ho ; çeviren Emral Çakmak
246 ## - UNVAN FORM VARYING
Başlık Doğru / Kısa Başlığı cesur yeni dünya: kötü bilimin büyük sermayeyle ittifakı /
260 ## - YAYIN, DAĞITIM, VB
Yayın, Dağıtım, Vb Yeri İstanbul :
Yayıncı, Dağıtıcı, Vs Adı Türkiye İş Bankası Kültür yayınları,
Yayın, Dağıtım, Vb Tarihi 2001.
300 ## - FİZİKSEL TANIM
Kapsam 300 s.:
Boyutlar 23 sm.
490 0# - SERİSİ TABLOSU
Seri Beyanı Türkiye İş Bankası Kültür Yayınları;
-- Bilim dizisi;
Hacim / Ardışık Tanımı Genel yayın: 473.
-- 13.
500 ## - GENEL NOT
Genel Not Yapıtın özgün adı :Genetic engineering: dream or nightmare?
504 ## - KAYNAKÇA VB NOT
Kaynakça Vb Notu Kaynakça vardır.
650 #0 - KONU KATMA GİRİŞ - TOPİKAL DÖNEM
9 (RLIN) 5808
Topikal Süreli Veya Coğrafi Ad Giriş Elemanı Genetik Mühendisliği
Genel Alt Bölümü Deneysel araştırmalar
700 ## - KATMA GİRİŞ - KİŞİSEL İSİM
9 (RLIN) 5809
Kişisel Ad Çakmak, Emral
Relator Terim çev.
740 ## - KATMA GİRİŞ - KONTROLSUZ İLGİLİ / ANALİTİK BAŞLIK
Kontrol Edilmeyen / İlgili Analitik Başlıktaki cesur yeni dünya: kötü bilimin büyük sermayeyle ittifakı /
942 ## - EKLENDİ GİRİŞ ELEMANLARI (KOHA)
Sınıflandırma Veya Raf Düzeni Kaynak Dewey Decimal Classification
Koha Öğesi Türü Books
Holdings
Kalıcı Konum Mevcut Konum Edinme Tarihi Toplam Check-Out'Lar Tam Çağrı Numarası Barkod Tarih Son Görülme İtibaren Geçerli Fiyatlar Koha Öğesi Türü
CHP Kütüphanesi CHP Kütüphanesi 06/14/2019   575.10724 H6g 2001 019205 06/14/2019 06/14/2019 Books